000
00305nam a2200121Ia 4500
008
190216s9999||||xx |||||||||||||| ||und||
100
_a
"Vijayan C, Balagopal Ts"
245
0
_a
Kettida Varappu
260
_b
Kerala Basha Inst
_c
1973
300
_a
131p
650
_a
Civil & Landscape Art
942
_c
REF
999
_c
35324
_d
35324